<?xml version="1.0" encoding="UTF-8"?><?xml-stylesheet type="text/xsl" href="static/style.xsl"?><OAI-PMH xmlns="http://www.openarchives.org/OAI/2.0/" xmlns:xsi="http://www.w3.org/2001/XMLSchema-instance" xsi:schemaLocation="http://www.openarchives.org/OAI/2.0/ http://www.openarchives.org/OAI/2.0/OAI-PMH.xsd"><responseDate>2026-04-28T11:35:12Z</responseDate><request verb="GetRecord" identifier="oai:riubu.ubu.es:10259/5266" metadataPrefix="marc">https://riubu.ubu.es/oai/request</request><GetRecord><record><header><identifier>oai:riubu.ubu.es:10259/5266</identifier><datestamp>2021-11-02T12:00:40Z</datestamp><setSpec>com_10259_5827</setSpec><setSpec>com_10259_5086</setSpec><setSpec>com_10259_2604</setSpec><setSpec>col_10259_5828</setSpec></header><metadata><record xmlns="http://www.loc.gov/MARC21/slim" xmlns:doc="http://www.lyncode.com/xoai" xmlns:xsi="http://www.w3.org/2001/XMLSchema-instance" xmlns:dcterms="http://purl.org/dc/terms/" xsi:schemaLocation="http://www.loc.gov/MARC21/slim http://www.loc.gov/standards/marcxml/schema/MARC21slim.xsd">
<leader>00925njm 22002777a 4500</leader>
<datafield tag="042" ind1=" " ind2=" ">
<subfield code="a">dc</subfield>
</datafield>
<datafield tag="720" ind1=" " ind2=" ">
<subfield code="a">Ortega Heras, Miriam</subfield>
<subfield code="e">author</subfield>
</datafield>
<datafield tag="720" ind1=" " ind2=" ">
<subfield code="a">Gómez Bastida, Inmaculada</subfield>
<subfield code="e">author</subfield>
</datafield>
<datafield tag="720" ind1=" " ind2=" ">
<subfield code="a">Pablos Alcalde, Sara</subfield>
<subfield code="e">author</subfield>
</datafield>
<datafield tag="720" ind1=" " ind2=" ">
<subfield code="a">González San José, Mª Luisa</subfield>
<subfield code="e">author</subfield>
</datafield>
<datafield tag="260" ind1=" " ind2=" ">
<subfield code="c">2019-09</subfield>
</datafield>
<datafield tag="520" ind1=" " ind2=" ">
<subfield code="a">The aim of this study was to evaluate the adequacy of sensory attributes, by the use&#xd;
of just-about-right (JAR) scales and penalty analysis, of new healthy whole-wheat mu ns with&#xd;
high fibre content due to the addition of two products obtained from white and red grape pomace.&#xd;
Furthermore, the nutritional, colour and texture properties of themu ns were evaluated. For that, five&#xd;
formulations of whole-wheat mu ns were studied: a control mu n made with 100% whole-wheat&#xd;
flour and mu ns made with 10 and 20% of white and red grape pomace product, respectively.&#xd;
The incorporation of grape pomace products in the recipe led to mu ns with "high-fibre content",&#xd;
which would imply healthy properties in these mu ns. The hardness and chewiness increased&#xd;
whereas the springiness, cohesiveness, resilience and colour parameters decreased when the grape&#xd;
pomace products were incorporated. The sensory analysis indicated high levels of acceptability&#xd;
of the mu ns that incorporated white and red grape pomace products at concentrations of 10%.&#xd;
The penalty analysis showed that none of the attributes evaluated a ected the acceptability of the&#xd;
new mu ns significantly; only the darker colour of the mu ns caused by the red grape pomace&#xd;
product could a ect the acceptability, although this fact was not clearly demonstrated.</subfield>
</datafield>
<datafield tag="024" ind2=" " ind1="8">
<subfield code="a">http://hdl.handle.net/10259/5266</subfield>
</datafield>
<datafield tag="024" ind2=" " ind1="8">
<subfield code="a">10.3390/foods8090419</subfield>
</datafield>
<datafield tag="024" ind2=" " ind1="8">
<subfield code="a">2304-8158</subfield>
</datafield>
<datafield ind1=" " ind2=" " tag="653">
<subfield code="a">muffins</subfield>
</datafield>
<datafield ind1=" " ind2=" " tag="653">
<subfield code="a">JAR</subfield>
</datafield>
<datafield ind1=" " ind2=" " tag="653">
<subfield code="a">sensory properties</subfield>
</datafield>
<datafield tag="245" ind1="0" ind2="0">
<subfield code="a">Application of the Just-About-Right Scales in the Development of New Healthy Whole-Wheat Muffins by the Addition of a Product Obtained from White and Red Grape Pomace</subfield>
</datafield>
</record></metadata></record></GetRecord></OAI-PMH>